[Event "Stay Safe Play From Home 264"]
[Site "Emanuel Lasker Arena"]
[Date "2020.06.29"]
[Round "1"]
[White "Lazieri3"]
[Black "Cirovicz"]
[Result "1-0"]
[WhiteElo "2007"]
[BlackElo "1746"]
[Annotator "TA"]
[PlyCount "97"]
[EventDate "2020.06.29"]
[EventType "swiss (blitz)"]

{[%evp 9,97,23,78,84,92,70,88,97,85,31,31,24,52,-8,102,102,98,84,114,102,101,89,97,88,85,85,82,66,85,74,99,73,101,87,406,387,651,653,628,632,656,371,370,370,374,342,379,322,377,376,369,376,419,450,515,513,515,508,702,575,540,570,735,735,706,703,908,886,29980,29981,29981,29981,29983,29984,29984,29985,29986,29987,29987,29988,29988,29989,29989,29990,29991,29992,29994,29995,29993,29993]} 1. e4 e5 2. Nc3 Nc6 3. Nf3 d6 4. d4 Bg4 5. dxe5 Nxe5 (5... dxe5 $11 {remains equal.} 6. Be3 Bb4) 6. Be2 $16 {C46: 3 Nc3: Unusual Black 3rd moves.} Nxf3+ 7. Bxf3 (7. gxf3 {keeps more tension.} Be6 8. Qd3 Qd7 9. Be3 a6 10. O-O-O) 7... Bxf3 8. Qxf3 {White is better.} Qf6 9. Qxf6 (9. Bf4 $16) 9... Nxf6 $14 {[#]} 10. Bg5 $146 ({Predecessor:} 10. f3 O-O-O 11. Bd2 Re8 12. O-O-O g6 13. Rde1 Bg7 14. Nd5 Nxd5 15. exd5 Kd7 16. Rxe8 Rxe8 17. Re1 {½-½ (17) Lehmann,H-Bialas,W Nuremberg 1959}) 10... O-O-O 11. Nd5 ({White should play} 11. Bxf6 $14 gxf6 12. f4) 11... Nxe4 (11... Re8 $11 {keeps the balance.} 12. O-O Nxe4) 12. Bxd8 $16 Kxd8 13. O-O Nc5 14. Rfe1 c6 15. Ne3 Kc7 16. Nf5 g6 17. Nd4 Bg7 18. c3 {Hoping for Re7+.} Kd7 19. Re2 Nd3 20. g3 c5 21. Nf3 Nxb2 $2 {[%mdl 8192] Black cannot hold the game after this.} (21... Kc6 $16) 22. Rxb2 $18 Bxc3 $2 (22... Kc6 23. Rab1 b6) 23. Rxb7+ {[%mdl 64] [#] Double Attack} Kc6 24. Rab1 Bb4 25. R7xb4 cxb4 26. Rxb4 {[%mdl 4096] Endgame KRN-KR} Re8 27. Ra4 Kb6 28. Kg2 f5 29. Ng5 h6 30. Nf7 Re6 31. Nxh6 a5 32. h4 Kb5 33. Ra3 Kb4 34. Rd3 a4 35. Nf7 a3 36. Nxd6 Re2 37. Rb3+ Ka4 38. Nc4 Rxa2 {[#]} 39. Rxa3+ $1 {White mates.} Rxa3 40. Nxa3 Kxa3 {K3P-KPP} 41. f3 Kb4 42. g4 fxg4 43. fxg4 {KPP-KP} Kc5 44. h5 Kd6 45. h6 Ke6 46. h7 Kf6 47. h8=Q+ Kg5 48. Kh3 Kf4 49. Qf6+ {Accuracy: White = 78%, Black = 56%.} 1-0

[Event "Stay Safe Play From Home 264"]
[Site "Emanuel Lasker Arena"]
[Date "2020.06.29"]
[Round "1"]
[White "Matanant"]
[Black "Haris kollari 13"]
[Result "0-1"]
[WhiteElo "1942"]
[BlackElo "1870"]
[Annotator "NA"]
[PlyCount "118"]
[EventDate "2020.06.29"]
[EventType "swiss (blitz)"]

1. e4 {[%emt 0:00:02]} e6 {[%emt 0:00:01]} 2. d4 {[%emt 0:00:01]} d5 {[%emt 0:00:01]} 3. Nd2 {[%emt 0:00:00]} Nf6 {[%emt 0:00:01]} 4. e5 {[%emt 0:00:01]} Nfd7 {[%emt 0:00:01]} 5. f4 {[%emt 0:00:00]} c5 {[%emt 0:00:00]} 6. c3 {[%emt 0:00:01]} Nc6 {[%emt 0:00:00]} 7. Ndf3 {[%emt 0:00:01]} a6 {[%emt 0:00:01]} 8. Bd3 {[%emt 0:00:04]} c4 {[%emt 0:00:01]} 9. Bc2 {[%emt 0:00:01]} b5 {[%emt 0:00:00]} 10. Ne2 {[%emt 0:00:02]} Nb6 {[%emt 0:00:01]} 11. O-O {[%emt 0:00:01]} Bd7 {[%emt 0:00:01]} 12. g4 {[%emt 0:00:02]} h5 {[%emt 0:00:02]} 13. h3 {[%emt 0:00:02]} hxg4 {[%emt 0:00:01]} 14. hxg4 {[%emt 0:00:01]} Qc7 {[%emt 0:00:03]} 15. Kg2 {[%emt 0:00:04]} O-O-O {[%emt 0:00:02]} 16. Rh1 {[%emt 0:00:03]} Be7 {[%emt 0:00:01]} 17. Ng3 {[%emt 0:00:04]} f6 {[%emt 0:00:02]} 18. Be3 {[%emt 0:00:02]} fxe5 {[%emt 0:00:02]} 19. dxe5 {[%emt 0:00:03]} Kb7 {[%emt 0:00:05]} 20. Qd2 {[%emt 0:00:01]} Qb8 {[%emt 0:00:11]} 21. Qf2 {[%emt 0:00:02]} Na8 {[%emt 0:00:10]} 22. a4 {[%emt 0:00:02]} b4 {[%emt 0:00:03]} 23. b3 {[%emt 0:00:21]} cxb3 {[%emt 0:00:07]} 24. Bxb3 {[%emt 0:00:02]} Na5 {[%emt 0:00:09]} 25. Rab1 {[%emt 0:00:03]} Nxb3 {[%emt 0:00:04]} 26. Rxb3 {[%emt 0:00:01]} a5 {[%emt 0:00:01]} 27. cxb4 {[%emt 0:00:02]} Bxb4 {[%emt 0:00:01]} 28. Rxh8 {[%emt 0:00:09]} Rxh8 {[%emt 0:00:01]} 29. Bc5 {[%emt 0:00:01]} Ka6 {[%emt 0:00:13]} 30. Bxb4 {[%emt 0:00:06]} axb4 {[%emt 0:00:02]} 31. Nd4 {[%emt 0:00:08]} Bxa4 {[%emt 0:00:02]} 32. Qa2 {[%emt 0:00:02]} Qb5 {[%emt 0:00:02]} 33. Nxb5 {[%emt 0:00:02]} Kxb5 {[%emt 0:00:01]} 34. Rb2 {[%emt 0:00:08]} Nb6 {[%emt 0:00:01]} 35. Ne2 {[%emt 0:00:02]} Nc4 {[%emt 0:00:03]} 36. Nd4+ {[%emt 0:00:02]} Kc5 {[%emt 0:00:07]} 37. Qxa4 {[%emt 0:00:05]} Nxb2 {[%emt 0:00:04]} 38. Nb3+ {[%emt 0:00:01]} Kc4 {[%emt 0:00:02]} 39. Na5+ {[%emt 0:00:01]} Kc5 {[%emt 0:00:06]} 40. Nb7+ {[%emt 0:00:04]} Kc4 {[%emt 0:00:03]} 41. Nd6+ {[%emt 0:00:01]} Kc3 {[%emt 0:00:03]} 42. Qc6+ {[%emt 0:00:01]} Nc4 {[%emt 0:00:01]} 43. Nb5+ {[%emt 0:00:06]} Kd3 {[%emt 0:00:02]} 44. Qc5 {[%emt 0:00:02]} Ne3+ {[%emt 0:00:09]} 45. Kg1 {[%emt 0:00:09]} b3 {[%emt 0:00:07]} 46. Qc3+ {[%emt 0:00:01]} Ke2 {[%emt 0:00:01]} 47. Nd4+ {[%emt 0:00:05]} Kd1 {[%emt 0:00:02]} 48. Qxb3+ {[%emt 0:00:03]} Kd2 {[%emt 0:00:03]} 49. Nf3+ {[%emt 0:00:09]} Ke2 {[%emt 0:00:02]} 50. Nd4+ {[%emt 0:00:04]} Kd2 {[%emt 0:00:01]} 51. Nxe6 {[%emt 0:00:01]} Rc8 {[%emt 0:00:13]} 52. Kh2 {[%emt 0:00:05]} Nf1+ {[%emt 0:00:02]} 53. Kg2 {[%emt 0:00:02]} Ne3+ {[%emt 0:00:01]} 54. Kf3 {[%emt 0:00:01]} Rc3 {[%emt 0:00:01]} 55. Qb4 {[%emt 0:00:01]} Nc2+ {[%emt 0:00:04]} 56. Qxc3+ {[%emt 0:00:05]} Kxc3 {[%emt 0:00:01]} 57. Nxg7 {[%emt 0:00:00]} d4 {[%emt 0:00:02]} 58. e6 {[%emt 0:00:00]} d3 {[%emt 0:00:01]} 59. e7 {[%emt 0:00:00]} Nd4+ {[%emt 0:00:01] (Lag: Av=0.99s, max=6.1s) Time} 0-1

[Event "Stay Safe Play From Home 264"]
[Site "Emanuel Lasker Arena"]
[Date "2020.06.29"]
[Round "1"]
[White "Dukic"]
[Black "Timbre"]
[Result "1-0"]
[WhiteElo "1884"]
[BlackElo "1704"]
[Annotator "NA RC"]
[PlyCount "71"]
[EventDate "2020.06.29"]
[EventType "swiss (blitz)"]

1. c4 {[%emt 0:00:03]} c6 {[%emt 0:00:03]} 2. Nc3 {[%emt 0:00:01]} d5 {[%emt 0:00:02]} 3. cxd5 {[%emt 0:00:00]} cxd5 {[%emt 0:00:01]} 4. d4 {[%emt 0:00:00]} Nc6 {[%emt 0:00:01]} 5. Nf3 {[%emt 0:00:00]} Nf6 {[%emt 0:00:02]} 6. Bf4 {[%emt 0:00:01]} e6 {[%emt 0:00:02]} 7. a3 {[%emt 0:00:03]} Bd6 {[%emt 0:00:02]} 8. Bg5 {[%emt 0:00:03]} h6 {[%emt 0:00:02]} 9. Bh4 {[%emt 0:00:02]} g5 {[%emt 0:00:02]} 10. Bg3 {[%emt 0:00:01]} g4 {[%emt 0:00:05]} 11. Ne5 {[%emt 0:00:10]} Bxe5 {[%emt 0:00:04]} 12. dxe5 {[%emt 0:00:03]} Nd7 {[%emt 0:00:02]} 13. e4 {[%emt 0:00:10]} d4 {[%emt 0:00:07]} 14. Nb1 {[%emt 0:00:28]} h5 {[%emt 0:00:01]} 15. h3 {[%emt 0:00:03]} gxh3 {[%emt 0:00:05]} 16. Rxh3 {[%emt 0:00:02]} Ndxe5 {[%emt 0:00:02]} 17. Rxh5 {[%emt 0:00:01]} Rxh5 {[%emt 0:00:06]} 18. Qxh5 {[%emt 0:00:01]} Ng6 {[%emt 0:00:04]} 19. Nd2 {[%emt 0:00:09]} Bd7 {[%emt 0:00:02]} 20. e5 {[%emt 0:00:07]} Qe7 {[%emt 0:00:02]} 21. Nc4 {[%emt 0:00:04]} O-O-O {[%emt 0:00:04]} 22. O-O-O {[%emt 0:00:02]} Kb8 {[%emt 0:00:02]} 23. Bd3 {[%emt 0:00:03]} Qc5 {[%emt 0:00:06]} 24. Kb1 {[%emt 0:00:02]} Nce7 {[%emt 0:00:15]} 25. Qf3 {[%emt 0:00:05]} Nd5 {[%emt 0:00:04]} 26. Qxf7 {[%emt 0:00:03]} Nge7 {[%emt 0:00:08]} 27. Rc1 {[%emt 0:00:07]} Nc3+ {[%emt 0:00:23]} 28. bxc3 {[%emt 0:00:05]} dxc3 {[%emt 0:00:01]} 29. Rxc3 {[%emt 0:00:03]} Nc6 {[%emt 0:00:04]} 30. Rb3 {[%emt 0:00:14]} Na5 {[%emt 0:00:09]} 31. Nxa5 {[%emt 0:00:03]} Qxa5 {[%emt 0:00:02]} 32. Qe7 {[%emt 0:00:13]} Qe1+ {[%emt 0:00:03]} 33. Ka2 {[%emt 0:00:02]} Qd2+ {[%emt 0:00:03]} 34. Rb2 {[%emt 0:00:05]} Qxd3 {[%emt 0:00:04]} 35. Qxd8+ {[%emt 0:00:02]} Bc8 {[%emt 0:00:06]} 36. Qxd3 {[%emt 0:00:02] Timbre resigns (Lag: Av=0.59s, max=3.9s)} 1-0

[Event "Stay Safe Play From Home 264"]
[Site "Emanuel Lasker Arena"]
[Date "2020.06.29"]
[Round "1"]
[White "Tunca"]
[Black "Weltszmerc"]
[Result "1-0"]
[WhiteElo "1653"]
[BlackElo "2052"]
[Annotator "TA"]
[PlyCount "81"]
[EventDate "2020.06.29"]
[EventType "swiss (blitz)"]

{[%evp 9,81,14,56,15,19,23,69,30,247,34,28,0,0,5,38,19,83,92,279,192,262,67,468,462,460,436,396,381,367,242,591,575,513,410,403,395,390,379,508,508,502,489,740,456,650,522,1041,579,29972,29971,6016,5824,1800,770,754,761,743,742,29977,29978,29970,6718,29983,29981,29983,29983,29986,29986,29986,29987,29987,29988,29988,29989]} 1. e4 Nf6 2. Nc3 d5 3. exd5 Nxd5 4. d4 Nxc3 5. bxc3 Bf5 6. Bc4 {B02: Alekhine's Defence: Chase Variation and lines with early Nc3.} e6 7. Nf3 c5 8. O-O {[#] White is slightly better.} (8. Rb1 $5 {[%cal Rb1b7]} a6 9. Rxb7 $16) 8... Qa5 $146 (8... Nc6 $11) ({Predecessor:} 8... Be7 9. Bb5+ Kf8 10. a4 Qc7 11. Ra2 Nc6 12. Qe2 Rd8 13. Be3 Bg4 14. Rd1 Bf6 {1-0 (32) Manke,K (1817)-Schwarz,E (1920) Mecklenburg VP 2008}) 9. Qd2 $2 (9. Rb1 $18 Qc7 10. Nh4) 9... Nc6 10. Qe3 {Strongly threatening d5.} O-O-O 11. a4 h6 12. Ba3 {[%cal Ra3c5]} Bxc2 (12... cxd4 $11 13. cxd4 Kb8) 13. dxc5 $16 {Black is now going downhill.} Bxa4 $2 (13... Be7 $16) 14. Rfe1 Be7 {[#]} (14... Rd7 {keeps fighting.}) 15. Reb1 $2 (15. Bb4 $1 $18 {[%mdl 512]} Nxb4 16. cxb4 Qxb4 17. Qf4) 15... Bf6 $2 {[%mdl 8192]} (15... Bc2 $14 16. Rc1 Bf5) 16. Bb4 $18 Qc7 {With the idea ...Bc2.} 17. Rxa4 Rd7 18. Raa1 Rhd8 19. h3 g5 $2 (19... Nxb4 {is tougher.} 20. Rxb4 Rd1+ 21. Rxd1 Rxd1+ 22. Bf1 Ra1) 20. Bb5 h5 21. Nd4 Rxd4 22. cxd4 Bxd4 23. Qxg5 {aiming for Bxc6.} Bxa1 24. Bxc6 $1 ({Weaker is} 24. Rxa1 Nxb4 25. Rxa7 Kb8 $11) 24... Qxc6 25. Rxa1 a6 (25... Qd5 $142 26. Qe3 Qd3 27. Rxa7 Qxe3 28. fxe3 Kb8) 26. Re1 Qb5 (26... Qd5 $142 27. Re5 Qd4) 27. Bd2 Qd3 28. Bf4 Rd5 29. Qg8+ Rd8 30. Qxf7 {[%csl Gf4][%cal Rf7c7][%mdl 64] Double Attack} Qd7 31. Qxe6 Qxe6 32. Rxe6 {[%mdl 4096] Endgame KRB-KR} Rd1+ 33. Kh2 Kd7 34. Rd6+ Rxd6 35. Bxd6 {KB-K3P} (35. cxd6 $142 Ke6 36. g4 hxg4 37. hxg4 Kf7 38. g5 a5 {[#]} 39. g6+ $1 {[%mdl 512]} Kf8 40. d7) 35... b6 36. g4 {White mates.} hxg4 37. hxg4 b5 38. Kg3 a5 39. g5 b4 40. g6 b3 41. Be5 {Accuracy: White = 38%, Black = 25%.} 1-0

[Event "Stay Safe Play From Home 264"]
[Site "Emanuel Lasker Arena"]
[Date "2020.06.29"]
[Round "1"]
[White "Array"]
[Black "Klasman"]
[Result "0-1"]
[WhiteElo "1620"]
[BlackElo "1545"]
[Annotator "NA RC"]
[PlyCount "60"]
[EventDate "2020.06.29"]
[EventType "swiss (blitz)"]

1. e4 {[%emt 0:00:01]} f5 {[%emt 0:00:01]} 2. exf5 {[%emt 0:00:03]} Nf6 {[%emt 0:00:01]} 3. Bc4 {[%emt 0:00:03]} d5 {[%emt 0:00:01]} 4. Bb3 {[%emt 0:00:05]} Bxf5 {[%emt 0:00:03]} 5. d4 {[%emt 0:00:01]} e6 {[%emt 0:00:03]} 6. Bg5 {[%emt 0:00:02]} c5 {[%emt 0:00:02]} 7. c3 {[%emt 0:00:21]} Nc6 {[%emt 0:00:02]} 8. Nf3 {[%emt 0:00:02]} cxd4 {[%emt 0:00:04]} 9. cxd4 {[%emt 0:00:02]} Bb4+ {[%emt 0:00:04]} 10. Nbd2 {[%emt 0:00:02]} Bxd2+ {[%emt 0:00:13]} 11. Qxd2 {[%emt 0:00:02]} O-O {[%emt 0:00:06]} 12. O-O {[%emt 0:00:05]} Qc7 {[%emt 0:00:12]} 13. Bf4 {[%emt 0:00:07]} Qb6 {[%emt 0:00:05]} 14. Rfe1 {[%emt 0:00:11]} Ne4 {[%emt 0:00:02]} 15. Qd1 {[%emt 0:00:20]} Bg4 {[%emt 0:00:02]} 16. Be3 {[%emt 0:00:11]} Qc7 {[%emt 0:00:22]} 17. Rc1 {[%emt 0:00:04]} Qf7 {[%emt 0:00:03]} 18. Ng5 {[%emt 0:01:04]} Bxd1 {[%emt 0:00:08]} 19. Nxf7 {[%emt 0:00:01]} Bxb3 {[%emt 0:00:05]} 20. Nh6+ {[%emt 0:00:01]} gxh6 {[%emt 0:00:02]} 21. axb3 {[%emt 0:00:01]} Rf7 {[%emt 0:00:03]} 22. f3 {[%emt 0:00:01]} Nd6 {[%emt 0:00:03]} 23. Bxh6 {[%emt 0:00:03]} Nf5 {[%emt 0:00:02]} 24. Be3 {[%emt 0:00:02]} Nxe3 {[%emt 0:00:02]} 25. Rxe3 {[%emt 0:00:00]} Nxd4 {[%emt 0:00:02]} 26. b4 {[%emt 0:00:03]} Re8 {[%emt 0:00:04]} 27. Rd1 {[%emt 0:00:01]} Nc6 {[%emt 0:00:03]} 28. b5 {[%emt 0:00:01]} Nd8 {[%emt 0:00:03]} 29. Rde1 {[%emt 0:00:01]} Rc7 {[%emt 0:00:03]} 30. Re5 {[%emt 0:00:02]} Rc5 {[%emt 0:00:02] Time (Lag: Av=0.60s, max=1.0s) .} 0-1

[Event "Stay Safe Play From Home 264"]
[Site "Emanuel Lasker Arena"]
[Date "2020.06.29"]
[Round "2"]
[White "AChessPlayer"]
[Black "Matanant"]
[Result "1-0"]
[WhiteElo "2216"]
[BlackElo "1922"]
[Annotator "TA"]
[PlyCount "49"]
[EventDate "2020.06.29"]
[EventType "swiss (blitz)"]

{[%evp 9,48,-5,-10,-16,-9,-12,26,17,22,-10,0,0,8,-8,0,0,6,8,10,-6,21,20,178,194,195,56,55,67,466,54,29993,29994,29995,29996,29996,29997,29997,29998,29998,29999,29999]} 1. e4 e5 2. Nf3 d5 3. exd5 e4 4. Nd4 Qxd5 5. Nb3 Nf6 6. Nc3 {C40: Latvian and Elephant Gambits.} Qe5 7. Be2 c6 8. d4 {White has an edge.} exd3 $1 9. cxd3 Bd6 10. d4 Qe7 11. Bg5 O-O 12. O-O Be6 {[#]} 13. Bf3 $146 ({Predecessor:} 13. Bxf6 Qxf6 14. Bf3 Rd8 15. Ne4 Qe7 16. Re1 Nd7 17. Rc1 Rac8 18. Nc3 Nf6 19. g3 {0-1 (46) Romero,L-Podesta,D (2200) Buenos Aires 2000}) 13... Nbd7 14. Ne4 Bc7 15. Nbc5 Bd5 $2 {[#]} (15... Nxc5 $11 16. Bxf6 gxf6 17. Nxc5 Bb6) 16. Nxd7 $1 $18 Qxd7 17. Nxf6+ (17. Bxf6 $18 Qf5 18. Be7 Bxe4 19. Bxe4 Qxe4 20. Re1 (20. Bxf8 Kxf8 21. Re1 Qd5 $18)) 17... gxf6 $14 18. Bxf6 {Hoping for Bxd5.} Rfe8 $2 {[%mdl 8192]} (18... Qf5 $14) 19. Bg4 $2 $40 {[%mdl 128] White attacks.} ({White has to play} 19. Bxd5 $18 cxd5 20. Qh5) 19... Be6 $2 {[%mdl 8192] [#]} (19... Qd6 $14 20. Be5 Rxe5 21. dxe5 Qxe5 {[%mdl 64] Double Attack}) 20. Qd2 {White mates.} Qd5 21. Qh6 {[%csl Gf6][%cal Rh6g7]} Bxh2+ 22. Kxh2 {[%csl Gf6][%cal Rh6g7]} Qd6+ 23. Kg1 {[%csl Gf6][%cal Rh6g7]} Qf8 24. Qg5+ Qg7 25. Qxg7# {Accuracy: White = 62%, Black = 47%.} 1-0

[Event "Stay Safe Play From Home 264"]
[Site "Emanuel Lasker Arena"]
[Date "2020.06.29"]
[Round "2"]
[White "Lazieri3"]
[Black "NeatFox"]
[Result "0-1"]
[WhiteElo "2013"]
[BlackElo "1755"]
[Annotator "TA"]
[PlyCount "100"]
[EventDate "2020.06.29"]
[EventType "swiss (blitz)"]

{[%evp 12,100,104,47,100,101,131,103,91,39,43,0,0,-5,0,0,139,139,176,136,170,183,203,67,73,64,64,48,39,42,78,7,106,0,6,0,94,83,113,108,119,49,212,197,200,199,265,250,250,254,1081,193,191,186,1122,927,1112,1103,1053,998,784,-898,-991,-848,-438,-311,0,0,0,0,0,0,0,0,0,0,0,0,0,0,0,0,0,0,0,0,0,0,0,0,-58]} 1. e4 e5 2. Nc3 Nc6 3. Nf3 d6 4. d4 exd4 5. Nxd4 Nxd4 6. Qxd4 Be6 7. Bc4 (7. Bf4 $16) 7... Bxc4 {C45: Scotch Game.} (7... Ne7 $14) 8. Qxc4 $16 Nf6 9. Bg5 Be7 {White is better.} 10. O-O (10. O-O-O $16) 10... O-O 11. Bxf6 Bxf6 {[#]} 12. Nd5 $146 ({Predecessor:} 12. Rad1 Qd7 13. Qd3 Rfe8 14. Qg3 Bxc3 15. Qxc3 Rxe4 16. Rd5 Rg4 17. Qh3 Rd8 18. Rh5 {1-0 (44) Louwsma,F-Ineke,I Rijswijk 2001}) 12... Bxb2 {[#] ...c6 is the strong threat.} 13. Rab1 Be5 (13... c6 $11 14. Rxb2 cxd5 15. Qxd5 b6) 14. Rxb7 c5 15. f4 Bd4+ 16. Kh1 Rb8 17. Rxb8 (17. Ne7+ $18 Kh8 18. Nc6 (18. Rxa7 Rb2 $16) 18... Rxb7 19. Nxd8 Rxd8 20. g3) 17... Qxb8 $14 18. c3 Bf6 $1 19. Nxf6+ gxf6 {[%mdl 4096] Endgame KQR-KQR} 20. h3 Qb2 21. Rf3 (21. Qd3 $16) 21... Re8 (21... Kh8 $11 {remains equal.}) 22. Rg3+ (22. Qd5 $16) 22... Kf8 $11 23. Kh2 $36 {[%mdl 2048] White has good play.} Qb1 (23... Qd2 $11) 24. Qd5 $16 Qxe4 25. Qxd6+ {[%mdl 64] [#] Double Attack} Qe7 26. Qd1 ({White should play} 26. Qd5 $16) 26... Qe2 $2 (26... Qe4 $1 $14) 27. Qd5 $18 Qe7 28. Qh5 {[%cal Rh5h6]} Qc7 (28... Qd6 {is a better defense.} 29. Qh6+ Ke7) 29. Qh6+ Ke7 30. Re3+ Kd8 $2 (30... Kd7 31. Rd3+ Kc6 32. Qxf6+ Re6) 31. Rxe8+ $2 (31. Qxf6+ Re7 32. c4) 31... Kxe8 32. Qxf6 Qe7 $2 (32... Qa5 33. Qe5+ Kd7) 33. Qxe7+ Kxe7 {KP-KP} 34. Kg3 Kd6 35. Kf3 Kd5 36. g4 $4 {[%mdl 8192]} (36. Ke3 $18 Kc4 37. Kd2) 36... Kc4 $19 37. f5 Kxc3 38. g5 Kb2 $2 (38... c4 $19 39. h4 Kd3) 39. h4 $1 $11 {[%cal Rh4h5] aiming for h5.The position is equal.} c4 ({Not} 39... Kxa2 $2 40. h5 $18) 40. h5 {And now g6 would win.} c3 {White must now prevent ...c2.} ({Don't go for} 40... Kxa2 $2 41. g6 $18) 41. g6 fxg6 42. hxg6 hxg6 43. fxg6 {KPP-KPP} c2 44. g7 c1=Q {( -> ...Qc3+)} 45. g8=Q Qd1+ 46. Ke4 Qb1+ 47. Kd4 Qd1+ 48. Kc5 Qc2+ 49. Kb4 Qc3+ 50. Ka4 ({White should try} 50. Kb5 $11) 50... Qa3+ {Both players deserved the win here. Accuracy: White = 56%, Black = 51%.} 0-1

[Event "Stay Safe Play From Home 264"]
[Site "Emanuel Lasker Arena"]
[Date "2020.06.29"]
[Round "2"]
[White "Dukic"]
[Black "Tunca"]
[Result "1-0"]
[WhiteElo "1893"]
[BlackElo "1683"]
[Annotator "NA RC"]
[PlyCount "54"]
[EventDate "2020.06.29"]
[EventType "swiss (blitz)"]

1. c4 {[%emt 0:00:03]} d6 {[%emt 0:00:03]} 2. Nc3 {[%emt 0:00:04]} e5 {[%emt 0:00:01]} 3. g3 {[%emt 0:00:01]} f5 {[%emt 0:00:01]} 4. Bg2 {[%emt 0:00:01]} Nf6 {[%emt 0:00:00]} 5. Nf3 {[%emt 0:00:05]} Be7 {[%emt 0:00:01]} 6. d4 {[%emt 0:00:02]} Nc6 {[%emt 0:00:03]} 7. O-O {[%emt 0:00:05]} O-O {[%emt 0:00:01]} 8. b3 {[%emt 0:00:03]} Kh8 {[%emt 0:00:02]} 9. Bb2 {[%emt 0:00:02]} Qe8 {[%emt 0:00:05]} 10. Nd5 {[%emt 0:00:06]} Bd8 {[%emt 0:00:04]} 11. dxe5 {[%emt 0:00:03]} dxe5 {[%emt 0:00:03]} 12. Qc2 {[%emt 0:00:21]} Be6 {[%emt 0:00:42]} 13. Rad1 {[%emt 0:00:06]} Bxd5 {[%emt 0:00:10]} 14. cxd5 {[%emt 0:00:03]} Nb4 {[%emt 0:00:09]} 15. Qc4 {[%emt 0:00:02]} Be7 {[%emt 0:00:07]} 16. Nxe5 {[%emt 0:00:04]} Bd6 {[%emt 0:00:04]} 17. f4 {[%emt 0:00:23]} Ng4 {[%emt 0:00:12]} 18. Nxg4 {[%emt 0:00:16]} fxg4 {[%emt 0:00:00]} 19. a3 {[%emt 0:00:05]} Na6 {[%emt 0:00:07]} 20. e4 {[%emt 0:00:01]} Qg6 {[%emt 0:00:14]} 21. b4 {[%emt 0:00:04]} Be7 {[%emt 0:00:12]} 22. e5 {[%emt 0:00:02]} Rac8 {[%emt 0:00:03]} 23. Qb5 {[%emt 0:00:13]} Rb8 {[%emt 0:00:06]} 24. Bd4 {[%emt 0:00:03]} h5 {[%emt 0:00:07]} 25. Bxa7 {[%emt 0:00:05]} Ra8 {[%emt 0:00:05]} 26. Qxb7 {[%emt 0:00:03]} Nb8 {[%emt 0:00:03]} 27. Qxa8 {[%emt 0:00:02]} h4 {[%emt 0:00:05] Tunca resigns (Lag: Av=0.47s, max=1.0s)} 1-0

[Event "Stay Safe Play From Home 264"]
[Site "Emanuel Lasker Arena"]
[Date "2020.06.29"]
[Round "2"]
[White "Cirovicz"]
[Black "Array"]
[Result "1-0"]
[WhiteElo "1740"]
[BlackElo "1620"]
[Annotator "NA RC"]
[PlyCount "61"]
[EventDate "2020.06.29"]
[EventType "swiss (blitz)"]

1. e4 {[%emt 0:00:03]} c5 {[%emt 0:00:02]} 2. Nf3 {[%emt 0:00:01]} d6 {[%emt 0:00:00]} 3. Bc4 {[%emt 0:00:01]} Nf6 {[%emt 0:00:02]} 4. Nc3 {[%emt 0:00:01]} e6 {[%emt 0:00:02]} 5. d3 {[%emt 0:00:01]} Be7 {[%emt 0:00:01]} 6. Bg5 {[%emt 0:00:01]} O-O {[%emt 0:00:03]} 7. Qd2 {[%emt 0:00:01]} Nc6 {[%emt 0:00:03]} 8. O-O-O {[%emt 0:00:02]} a6 {[%emt 0:00:03]} 9. a3 {[%emt 0:00:13]} b5 {[%emt 0:00:01]} 10. Ba2 {[%emt 0:00:01]} b4 {[%emt 0:00:14]} 11. axb4 {[%emt 0:00:01]} cxb4 {[%emt 0:00:01]} 12. Ne2 {[%emt 0:00:10]} Qc7 {[%emt 0:00:06]} 13. Kb1 {[%emt 0:00:02]} a5 {[%emt 0:00:03]} 14. Bxf6 {[%emt 0:00:04]} Bxf6 {[%emt 0:00:02]} 15. d4 {[%emt 0:00:01]} Ba6 {[%emt 0:00:11]} 16. e5 {[%emt 0:00:05]} dxe5 {[%emt 0:00:04]} 17. dxe5 {[%emt 0:00:01]} Bxe5 {[%emt 0:00:06]} 18. Nxe5 {[%emt 0:00:14]} Nxe5 {[%emt 0:00:04]} 19. Qd6 {[%emt 0:00:09]} Qxd6 {[%emt 0:00:02]} 20. Rxd6 {[%emt 0:00:02]} Bc4 {[%emt 0:00:04]} 21. Bxc4 {[%emt 0:00:10]} Nxc4 {[%emt 0:00:02]} 22. Rd4 {[%emt 0:00:01]} Rfc8 {[%emt 0:00:07]} 23. Rhd1 {[%emt 0:00:05]} Rab8 {[%emt 0:00:03]} 24. Ng3 {[%emt 0:00:07]} Na3+ {[%emt 0:00:01]} 25. bxa3 {[%emt 0:00:04]} bxa3+ {[%emt 0:00:01]} 26. Ka2 {[%emt 0:00:01]} g6 {[%emt 0:00:06]} 27. R1d2 {[%emt 0:00:05]} Rc3 {[%emt 0:00:08]} 28. Ne4 {[%emt 0:00:06]} Rb2+ {[%emt 0:00:02]} 29. Ka1 {[%emt 0:00:03]} Rc7 {[%emt 0:00:11]} 30. Nf6+ {[%emt 0:00:05]} Kg7 {[%emt 0:00:02]} 31. Ne8+ {[%emt 0:00:01] Array resigns (Lag: Av=0.85s, max=1.4s)} 1-0